00452cam a2200181ua 45000010005000000080039000050200018000440400009000620410008000710820014000791000024000932450051001172500009001682600027001773000010002046530032002146530024002469236150224n ii |||gr||||Z||||||eng a9789380261690 cMAIN aeng a050.95416 aDutta, A.,eEditor. aNorth east career yearbookcEdited by A. Dutta a1st. aGuwahati:bEBH,c2012. a366p. aGeneral serial publications aNorth east yearbook